[Event "FIDE World Cup 2021"]
[Site "Krasnaya Polyana (Sochi) RUS"]
[Date "2021.07.16"]
[EventDate "2021.07.12"]
[Round "2.2"]
[Result "1/2-1/2"]
[White "Salinas Herrera, Pablo"]
[Black "Peter Svidler"]
[WhiteElo "2514"]
[BlackElo "2714"]
[PlyCount "62"]

1. d4 Nf6 2. c4 g6 3. Nc3 d5 4. cxd5 Nxd5 5. e4 Nxc3 6. bxc3 Bg7 7. Be3 c5
8. Qd2 cxd4 9. cxd4 Nc6 10. Ne2 O-O 11. Rc1 Bd7 12. h4 h5 13. f3 Qa5 14.
Qxa5 Nxa5 15. Rc7 Rfd8 16. Nc3 Rac8 17. Rxc8 Bxc8 18. Nd5 Nc6 19. Bb5 Nxd4
20. Bxd4 Bxd4 21. Nxe7+ Kf8 22. Nxc8 Rxc8 23. Kd2 Be5 24. Bd3 Bf4+ 25. Ke2
Rc3 26. Rb1 b6 27. Rd1 Bg3 28. Rh1 Ke7 29. Kd2 Rc5 30. Ke3 Rc3 31. Kd2 Rc5
1/2-1/2

[Event "FIDE World Cup 2021"]
[Site "Krasnaya Polyana (Sochi) RUS"]
[Date "2021.07.16"]
[EventDate "2021.07.12"]
[Round "2.2"]
[Result "1/2-1/2"]
[White "Vallejo Pons, Francisco"]
[Black "Velimir Ivic"]
[WhiteElo "2710"]
[BlackElo "2582"]
[PlyCount "74"]

1. e4 c5 2. Nf3 e6 3. g3 Nc6 4. Bg2 Nf6 5. Qe2 Be7 6. c3 e5 7. O-O d6 8.
Na3 O-O 9. d3 Re8 10. h3 Bf8 11. Nh2 h6 12. Ng4 Nxg4 13. hxg4 Rb8 14. Nc2
b5 15. a3 Na5 16. Be3 Nb3 17. Rad1 Bb7 18. d4 exd4 19. cxd4 Qf6 20. f3 a5
21. Rfe1 a4 22. Bf2 g6 23. Qd3 Ba8 24. f4 Qe6 25. Qe2 Qc4 26. Qxc4 bxc4 27.
dxc5 Nxc5 28. Bxc5 dxc5 29. Ne3 Bxe4 30. Nxc4 Bxg2 31. Kxg2 Bg7 32. f5 Bd4
33. Rxe8+ Rxe8 34. Kf3 Kg7 35. Rd2 Kf6 36. Rc2 Kg5 37. Rc1 1/2-1/2

[Event "FIDE World Cup 2021"]
[Site "Krasnaya Polyana (Sochi) RUS"]
[Date "2021.07.16"]
[EventDate "2021.07.12"]
[Round "2.2"]
[Result "0-1"]
[White "Victor Mikhalevski"]
[Black "Jeffery Xiong"]
[WhiteElo "2579"]
[BlackElo "2709"]
[PlyCount "84"]

1. Nf3 d5 2. g3 g6 3. Bg2 Bg7 4. d4 Nf6 5. O-O O-O 6. c4 c6 7. Qb3 Qb6 8.
Nc3 Rd8 9. h3 h6 10. Qd1 Ne4 11. Qc2 Nxc3 12. bxc3 Bf5 13. Qb3 dxc4 14.
Qxc4 Nd7 15. Nh4 Be6 16. Qd3 Qa5 17. Qc2 Nb6 18. f4 Bc4 19. f5 g5 20. f6
exf6 21. Nf5 Qa4 22. Qd2 Re8 23. Rf2 Bd5 24. Qd3 Qc4 25. Bd2 Bxg2 26. Kxg2
Re6 27. Ne3 Qa4 28. Nf5 Qb5 29. g4 Rae8 30. a4 Qd5+ 31. Kg1 Nc4 32. Raf1 b5
33. Ng3 Nd6 34. Ra1 a6 35. axb5 axb5 36. Qf3 Qb3 37. Be1 Re3 38. Qg2 b4 39.
Nf1 Qb2 40. Rd1 bxc3 41. Nxe3 Rxe3 42. Bxc3 Qxc3 0-1

[Event "FIDE World Cup 2021"]
[Site "Krasnaya Polyana (Sochi) RUS"]
[Date "2021.07.16"]
[EventDate "2021.07.12"]
[Round "2.2"]
[Result "1-0"]
[White "Evgeny Tomashevsky"]
[Black "P Iniyan"]
[WhiteElo "2706"]
[BlackElo "2506"]
[PlyCount "52"]

1. d4 Nf6 2. Nf3 g6 3. c4 Bg7 4. g3 O-O 5. Bg2 d6 6. O-O Nc6 7. Nc3 a6 8.
Bf4 Rb8 9. Rc1 h6 10. b3 g5 11. d5 gxf4 12. dxc6 fxg3 13. hxg3 b5 14. Qd3
b4 15. Nd5 e6 16. Nxf6+ Qxf6 17. Rfd1 Qb2 18. Rc2 Qa3 19. Qe3 Qa5 20. c5
dxc5 21. Ne5 c4 22. Nxc4 Qb5 23. Qa7 e5 24. Rd5 Qxc6 25. Qxb8 Bh3 26. Ne3
1-0

[Event "FIDE World Cup 2021"]
[Site "Krasnaya Polyana (Sochi) RUS"]
[Date "2021.07.16"]
[EventDate "2021.07.12"]
[Round "2.2"]
[Result "0-1"]
[White "Denis Kadric"]
[Black "Yangyi Yu"]
[WhiteElo "2564"]
[BlackElo "2705"]
[PlyCount "148"]

1. e4 c5 2. Nc3 Nc6 3. Bb5 Nd4 4. Nf3 a6 5. Bd3 g6 6. O-O Bg7 7. Re1 Nf6 8.
e5 Nh5 9. b4 Nxf3+ 10. Qxf3 cxb4 11. Nd5 e6 12. Nf4 Nxf4 13. Qxf4 d6 14.
Qxb4 Bxe5 15. Rb1 O-O 16. Ba3 b5 17. Rxe5 dxe5 18. Qe4 Bd7 19. Bxf8 Qxf8
20. Qxe5 Rc8 21. h4 Qc5 22. Qf6 Bc6 23. Re1 Qd5 24. f3 Qd8 25. Qf4 Qb6+ 26.
Kh1 Rd8 27. Re5 Qd4 28. Qg3 Rd5 29. Rg5 Kg7 30. Kh2 Rxg5 31. Qxg5 h6 32.
Qg3 Bd5 33. a3 Bc4 34. Be4 Qxd2 35. Qe5+ Kf8 36. Bd3 Bxd3 37. Qd6+ Ke8 38.
Qc6+ Ke7 39. Qc7+ Kf6 40. Qd8+ Kg7 41. Qd4+ Kh7 42. Qf6 Kg8 43. Qd8+ Kg7
44. Qd4+ e5 45. Qxe5+ Kh7 46. cxd3 Qxd3 47. Qf6 Qc4 48. h5 Qc7+ 49. Kh1 a5
50. hxg6+ fxg6 51. f4 h5 52. Qg5 Qd7 53. a4 bxa4 54. Qxa5 Qd1+ 55. Kh2 Qd4
56. Qc7+ Kh6 57. Qb8 Kg7 58. Qb7+ Kf6 59. Qa6+ Kf5 60. g3 h4 61. Qb5+ Kf6
62. Kh3 hxg3 63. Kxg3 Qe3+ 64. Kg4 Qe6+ 65. Kh4 a3 66. Qb4 a2 67. Qf8+ Qf7
68. Qh8+ Ke7 69. Qe5+ Qe6 70. Qg7+ Ke8 71. Qh8+ Kf7 72. Qh7+ Kf6 73. Qh8+
Kf5 74. Kg3 Qe1+ 0-1

[Event "FIDE World Cup 2021"]
[Site "Krasnaya Polyana (Sochi) RUS"]
[Date "2021.07.16"]
[EventDate "2021.07.12"]
[Round "2.2"]
[Result "1/2-1/2"]
[White "Vladislav Artemiev"]
[Black "Volodar Murzin"]
[WhiteElo "2704"]
[BlackElo "2502"]
[PlyCount "84"]

1. d4 d5 2. c4 c6 3. Nf3 Nf6 4. e3 e6 5. Bd3 Nbd7 6. O-O Bd6 7. Nc3 O-O 8.
e4 dxc4 9. Bxc4 e5 10. Bg5 Qe7 11. Re1 Rd8 12. d5 h6 13. Bh4 Nf8 14. dxc6
bxc6 15. Qc2 Bg4 16. Nd2 Ng6 17. Bg3 h5 18. h3 h4 19. Bh2 Bh5 20. Nb3 Bc7
21. Be2 Bxe2 22. Qxe2 Qb4 23. Rad1 Bb6 24. Qc2 Rab8 25. Re2 Rxd1+ 26. Qxd1
Rd8 27. Qc2 Bd4 28. Nxd4 exd4 29. Qd2 Qa5 30. Nd5 Qxa2 31. Nxf6+ gxf6 32.
Re1 d3 33. e5 fxe5 34. Bxe5 Re8 35. Bc3 Rxe1+ 36. Qxe1 Qe6 37. Qd2 Qf5 38.
Qh6 f6 39. Qe3 Nf4 40. Qe8+ Kg7 41. Qe7+ Kg6 42. Qe8+ 1/2-1/2

[Event "FIDE World Cup 2021"]
[Site "Krasnaya Polyana (Sochi) RUS"]
[Date "2021.07.16"]
[EventDate "2021.07.12"]
[Round "2.2"]
[Result "1/2-1/2"]
[White "Hovhannes Gabuzyan"]
[Black "Bassem Amin"]
[WhiteElo "2587"]
[BlackElo "2703"]
[PlyCount "98"]

1. e4 e5 2. Nf3 Nc6 3. d4 exd4 4. Nxd4 Nf6 5. Nxc6 bxc6 6. Bd3 d5 7. Nc3
Bb4 8. Bd2 O-O 9. O-O Bxc3 10. Bxc3 dxe4 11. Bc4 Bg4 12. Qxd8 Raxd8 13.
Rfe1 Rfe8 14. Ba5 Nd5 15. Bb3 Nb6 16. h3 Bf5 17. Bb4 h5 18. a4 Nd5 19. Bc5
a5 20. Rad1 Rb8 21. Rd4 g6 22. Ba3 e3 23. f3 Be6 24. Bc5 Bc8 25. g4 hxg4
26. hxg4 Ba6 27. Kg2 e2 28. Bxd5 cxd5 29. b3 c6 30. g5 f6 31. Rf4 Re6 32.
gxf6 Kf7 33. Rh4 Kxf6 34. Rh7 Ree8 35. Bd4+ Ke6 36. c4 dxc4 37. Rxe2+ Kd6
38. Rxe8 Rxe8 39. Ra7 Bc8 40. bxc4 Be6 41. Rxa5 Bxc4 42. Rg5 Bd3 43. Bc5+
Kc7 44. a5 Kb7 45. Rg4 Ka6 46. Rd4 Bf5 47. Bb6 c5 48. Rd6 Re6 49. Bxc5+
1/2-1/2

[Event "FIDE World Cup 2021"]
[Site "Krasnaya Polyana (Sochi) RUS"]
[Date "2021.07.16"]
[EventDate "2021.07.12"]
[Round "2.2"]
[Result "1/2-1/2"]
[White "Van Foreest, Jorden"]
[Black "Juraj Druska"]
[WhiteElo "2688"]
[BlackElo "2493"]
[PlyCount "84"]

1. e4 e6 2. d4 d5 3. Nc3 Nf6 4. e5 Nfd7 5. f4 c5 6. Nf3 Be7 7. Be3 O-O 8.
Qd2 a6 9. dxc5 Nxc5 10. O-O-O Nbd7 11. h4 b5 12. Bd3 Nxd3+ 13. Qxd3 b4 14.
Ng5 g6 15. Nxd5 Bxg5 16. hxg5 exd5 17. Qxd5 Rb8 18. f5 Qe7 19. fxg6 Nxe5
20. gxh7+ Kh8 21. Qc5 Qxc5 22. Bxc5 Re8 23. Rh4 Bf5 24. Bxb4 Rxb4 25. Rxb4
Rc8 26. Rd5 Nd3+ 27. Kb1 Nxb4 28. Rxf5 Rc7 29. c3 Nd3 30. Rf6 Nc5 31. g6
fxg6 32. Rxg6 Kxh7 33. Rd6 Rf7 34. Kc2 Ne4 35. Rc6 Rf2+ 36. Kd3 Ng5 37. Rb6
Rxg2 38. a4 a5 39. b4 Ra2 40. Rb5 axb4 41. Rxg5 bxc3 42. Kxc3 Rxa4 1/2-1/2

[Event "FIDE World Cup 2021"]
[Site "Krasnaya Polyana (Sochi) RUS"]
[Date "2021.07.16"]
[EventDate "2021.07.12"]
[Round "2.2"]
[Result "1/2-1/2"]
[White "Yuriy Kryvoruchko"]
[Black "Ante Brkic"]
[WhiteElo "2699"]
[BlackElo "2592"]
[PlyCount "126"]

1. d4 Nf6 2. c4 e6 3. Nf3 d5 4. g3 Bb4+ 5. Nbd2 O-O 6. Bg2 b6 7. O-O Bb7 8.
Ne5 Qc8 9. Qc2 c5 10. cxd5 Bxd5 11. Ne4 cxd4 12. Qxc8 Rxc8 13. Nxf6+ gxf6
14. Bxd5 exd5 15. Nd3 Nc6 16. Rd1 Bd6 17. b3 Nd8 18. Nf4 Bxf4 19. gxf4 Nc6
20. Ba3 Kg7 21. Rd3 Kg6 22. Kg2 Kf5 23. Kf3 Re8 24. e3 Re4 25. Rg1 Rd8 26.
Rg7 dxe3 27. fxe3 d4 28. Rxf7 Rde8 29. Bc1 dxe3 30. Rd5+ Kg6 31. Rfd7 Nd4+
32. Rxd4 Rxd4 33. Rxd4 e2 34. Bd2 e1=Q 35. Bxe1 Rxe1 36. Rd7 a5 37. Rd6
Rf1+ 38. Kg3 b5 39. Ra6 a4 40. bxa4 bxa4 41. Rxa4 Kf5 42. Ra5+ Ke4 43. f5
Rg1+ 44. Kh4 Rh1 45. h3 Kf4 46. a4 Ra1 47. Kh5 Rh1 48. h4 Kg3 49. Kh6 Kxh4
50. Kxh7 Kg5+ 51. Kg7 Ra1 52. Kf7 Ra2 53. Ke6 Re2+ 54. Kd6 Ra2 55. Kc6 Ra1
56. Kb6 Kf4 57. Kc6 Kg5 58. Kd6 Ra2 59. Ke7 Re2+ 60. Kf7 Ra2 61. Ra6 Kxf5
62. Rxf6+ Ke5 63. a5 1/2-1/2

[Event "FIDE World Cup 2021"]
[Site "Krasnaya Polyana (Sochi) RUS"]
[Date "2021.07.16"]
[EventDate "2021.07.12"]
[Round "2.2"]
[Result "1/2-1/2"]
[White "Kiril Georgiev"]
[Black "Parham Maghsoodloo"]
[WhiteElo "2594"]
[BlackElo "2698"]
[PlyCount "88"]

1. d4 d5 2. c4 e6 3. Nc3 c5 4. cxd5 cxd4 5. Qa4+ Bd7 6. Qxd4 exd5 7. Qxd5
Nf6 8. Qb3 Na6 9. Nf3 Nc5 10. Qd1 Nce4 11. e3 Bb4 12. Bd2 Bxc3 13. Bxc3
Nxc3 14. bxc3 Qa5 15. Qd4 Rc8 16. Bc4 O-O 17. O-O Rfd8 18. Bb3 Rxc3 19.
Rfd1 Rcc8 20. Qf4 Be6 21. h3 Qb6 22. Rxd8+ Rxd8 23. Nd4 Bxb3 24. axb3 g6
25. Rc1 Ne8 26. Qg5 a6 27. Qe7 Rb8 28. g4 Qd6 29. Qxd6 Nxd6 30. Rc7 Kf8 31.
Rd7 Ne4 32. Rc7 Ke8 33. Kg2 Nd6 34. Rc5 Rc8 35. Rd5 Ke7 36. h4 b6 37. Kf3
f6 38. g5 fxg5 39. Rxg5 Nf7 40. Rg1 a5 41. Ke2 Rc5 42. f4 Nd6 43. Kd3 Nf5
44. Ke4 1/2-1/2

[Event "FIDE World Cup 2021"]
[Site "Krasnaya Polyana (Sochi) RUS"]
[Date "2021.07.16"]
[EventDate "2021.07.12"]
[Round "2.2"]
[Result "1-0"]
[White "David Navara"]
[Black "Nodirbek Yakubboev"]
[WhiteElo "2675"]
[BlackElo "2598"]
[PlyCount "90"]

1. d4 Nf6 2. c4 e6 3. Nf3 b6 4. g3 Bb4+ 5. Bd2 Be7 6. Nc3 Bb7 7. Bg2 O-O 8.
Qc2 d5 9. cxd5 exd5 10. O-O Na6 11. Rac1 c5 12. Rfd1 h6 13. Bf4 Re8 14. Be5
Ng4 15. dxc5 bxc5 16. Qf5 Bc8 17. Qb1 Be6 18. Bf4 Nf6 19. Ne5 Rc8 20. Nxd5
Nxd5 21. Bxd5 Bxd5 22. e4 Bxe4 23. Qxe4 Qb6 24. Rd7 Nb8 25. Rb7 Qe6 26. Qc4
Bd6 27. Nxf7 Bxf4 28. Qxf4 Nc6 29. Rxc5 Rf8 30. Rf5 Ne7 31. Re5 Qxf7 32.
Qxf7+ Rxf7 33. Rexe7 Rxe7 34. Rxe7 Rc2 35. Rb7 Kh7 36. a4 a5 37. Kg2 Rc4
38. b3 Rc3 39. h4 h5 40. Rb5 g6 41. Rxa5 Rxb3 42. Rg5 Ra3 43. a5 Kg7 44. f4
Kf6 45. Kf2 1-0

[Event "FIDE World Cup 2021"]
[Site "Krasnaya Polyana (Sochi) RUS"]
[Date "2021.07.16"]
[EventDate "2021.07.12"]
[Round "2.2"]
[Result "1/2-1/2"]
[White "Hjorvar Steinn Gretarsson"]
[Black "Maxim Matlakov"]
[WhiteElo "2603"]
[BlackElo "2688"]
[PlyCount "66"]

1. c4 Nf6 2. Nc3 e5 3. g3 Bb4 4. Bg2 O-O 5. d3 c6 6. Qb3 Ba5 7. Bd2 Re8 8.
e4 d5 9. exd5 Bxc3 10. Bxc3 cxd5 11. cxd5 Bf5 12. Nf3 Nbd7 13. O-O Bxd3 14.
Rfd1 e4 15. Ne1 Ba6 16. Bd4 Ne5 17. Rac1 Qd7 18. a4 Qf5 19. d6 Rad8 20.
Bxa7 Be2 21. Rd2 Nf3+ 22. Bxf3 exf3 23. Rd4 Ne4 24. d7 Rxd7 25. Rxd7 Qxd7
26. Nxf3 b5 27. Re1 bxa4 28. Qe3 Bxf3 29. Qxf3 Qxa7 30. Rxe4 Rxe4 31. Qxe4
g6 32. Qe8+ Kg7 33. Qe5+ f6 1/2-1/2

[Event "FIDE World Cup 2021"]
[Site "Krasnaya Polyana (Sochi) RUS"]
[Date "2021.07.16"]
[EventDate "2021.07.12"]
[Round "2.2"]
[Result "1-0"]
[White "Radoslaw Wojtaszek"]
[Black "Evgeny Alekseev"]
[WhiteElo "2691"]
[BlackElo "2605"]
[PlyCount "138"]

1. d4 Nf6 2. c4 e6 3. Nf3 d5 4. Nc3 Bb4 5. cxd5 exd5 6. Bf4 c6 7. e3 Bf5 8.
a3 Bd6 9. Ne5 Qe7 10. Qf3 Bg6 11. h4 Nh5 12. Nxg6 fxg6 13. Bxd6 Qxd6 14. e4
dxe4 15. Nxe4 Qe7 16. Bc4 Nd7 17. Bf7+ Kf8 18. Bxg6+ Nhf6 19. Bf5 g6 20.
Bxd7 Qxe4+ 21. Qxe4 Nxe4 22. Bg4 Kg7 23. Rd1 Nf6 24. Be2 Rae8 25. Rh3 Nd5
26. Rf3 Re7 27. Kf1 Rd8 28. g3 Red7 29. Rfd3 Ne7 30. Bg4 Nf5 31. Bxf5 gxf5
32. Re1 f4 33. Re4 fxg3 34. Rxg3+ Kf6 35. Rf3+ Kg6 36. Rff4 Rd6 37. Ke2 Rf6
38. Rg4+ Kf7 39. Ke3 Rdd6 40. Re5 h6 41. Rge4 Rd7 42. h5 a6 43. a4 Rfd6 44.
a5 Rd5 45. Rxd5 Rxd5 46. Re5 Rd8 47. Ke4 Rg8 48. d5 cxd5+ 49. Rxd5 Ke6 50.
Re5+ Kf6 51. b4 Rg1 52. Rc5 Re1+ 53. Kf4 Rb1 54. Rc4 Rh1 55. Kg4 Rg1+ 56.
Kf4 Rh1 57. Kg4 Rg1+ 58. Kf3 Rg5 59. Rc5 Rxc5 60. bxc5 Kg5 61. Ke4 Kxh5 62.
Kf5 Kh4 63. f4 h5 64. Ke5 Kg4 65. f5 h4 66. f6 h3 67. f7 h2 68. f8=Q h1=Q
69. Qg7+ 1-0

[Event "FIDE World Cup 2021"]
[Site "Krasnaya Polyana (Sochi) RUS"]
[Date "2021.07.16"]
[EventDate "2021.07.12"]
[Round "2.2"]
[Result "1/2-1/2"]
[White "Ivan Ivanisevic"]
[Black "Alexander Areshchenko"]
[WhiteElo "2606"]
[BlackElo "2687"]
[PlyCount "136"]

1. c4 c5 2. Nc3 g6 3. g3 Bg7 4. Bg2 Nc6 5. b3 Nf6 6. Bb2 O-O 7. Rc1 b6 8.
e3 Bb7 9. Nge2 d5 10. Nxd5 Nxd5 11. Bxg7 Nxe3 12. dxe3 Kxg7 13. O-O Qc7 14.
Nc3 Rad8 15. Qe2 Nb4 16. Bxb7 Qxb7 17. Rfd1 f6 18. h4 Kf7 19. h5 Qa8 20. f4
Rxd1+ 21. Rxd1 Rd8 22. Kf2 Rxd1 23. Qxd1 Qc8 24. a3 Nc6 25. Qh1 Kg7 26. h6+
Kf8 27. Nb5 a6 28. Nc3 Nd8 29. Qd5 Nb7 30. Na4 Qc7 31. Qe6 Nd6 32. Nc3 Qc8
33. Qxc8+ Nxc8 34. Nd5 Kf7 35. Kf3 e6 36. Nc7 a5 37. g4 Ke7 38. Nb5 Nd6 39.
Nc3 Kd7 40. g5 f5 41. Na4 Nc8 42. e4 Kc7 43. Ke3 Ne7 44. Nc3 Kd7 45. Kd3
Kd6 46. Nd1 Nc6 47. Ne3 Ne7 48. Ng2 Kd7 49. Nh4 Kd6 50. Nf3 Nc6 51. Ke3 Kd7
52. Kd3 Kd6 53. Nh4 Ne7 54. Ng2 Nc6 55. Ne3 Ne7 56. exf5 exf5 57. Kc3 Kd7
58. b4 axb4+ 59. axb4 Kc6 60. Kb3 b5 61. Nc2 bxc4+ 62. Kxc4 cxb4 63. Nxb4+
Kd6 64. Nd3 Nd5 65. Kd4 Nc7 66. Ne5 Ne6+ 67. Ke3 Nxg5 68. Nxg6 1/2-1/2

[Event "FIDE World Cup 2021"]
[Site "Krasnaya Polyana (Sochi) RUS"]
[Date "2021.07.16"]
[EventDate "2021.07.12"]
[Round "2.2"]
[Result "1/2-1/2"]
[White "Dmitry Jakovenko"]
[Black "Timur Gareyev"]
[WhiteElo "2684"]
[BlackElo "2596"]
[PlyCount "94"]

1. e4 e5 2. Nf3 Nc6 3. Bb5 a6 4. Ba4 Nf6 5. d3 Bc5 6. Bxc6 dxc6 7. Nbd2 Qe7
8. h3 a5 9. Nc4 Nd7 10. O-O O-O 11. a4 b6 12. Kh1 Ba6 13. Ne3 Bxe3 14. Bxe3
c5 15. Nd2 Rad8 16. b3 Bb7 17. Qg4 Rde8 18. Rae1 Qe6 19. Qxe6 Rxe6 20. Kh2
Re7 21. f4 exf4 22. Bxf4 Nb8 23. Nc4 Nc6 24. Ne3 Nd4 25. g4 f6 26. Rf2 Kf7
27. Bg3 h6 28. Ref1 Ke8 29. e5 Rff7 30. c3 Nxb3 31. Nf5 Re6 32. exf6 gxf6
33. Nxh6 Rd7 34. g5 Rxd3 35. Rxf6 Rxf6 36. Rxf6 Nd2 37. Bxc7 Nf3+ 38. Kg3
Nxg5+ 39. Kg4 Ne4 40. Rxb6 Bc8+ 41. Kf4 Nxc3 42. Be5 Bxh3 43. Bxc3 Rxc3 44.
Rb5 Be6 45. Nf5 Bxf5 46. Kxf5 Kd7 47. Rxa5 1/2-1/2

[Event "FIDE World Cup 2021"]
[Site "Krasnaya Polyana (Sochi) RUS"]
[Date "2021.07.16"]
[EventDate "2021.07.12"]
[Round "2.2"]
[Result "1/2-1/2"]
[White "Vasif Durarbayli"]
[Black "Alexandr Predke"]
[WhiteElo "2625"]
[BlackElo "2683"]
[PlyCount "152"]

1. e4 e5 2. Nf3 Nc6 3. Bb5 a6 4. Ba4 Nf6 5. O-O Bc5 6. Bxc6 dxc6 7. d3 Qe7
8. Nbd2 Bg4 9. h3 Bh5 10. Nc4 Nd7 11. c3 f6 12. b4 Bd6 13. a3 O-O 14. Ne3
Rfd8 15. Nf5 Qf7 16. Qe2 a5 17. Rb1 axb4 18. axb4 Ra2 19. Qe3 Bf8 20. N3h4
Kh8 21. Ng3 Bg6 22. d4 Nb6 23. Nxg6+ hxg6 24. Rd1 Qc4 25. Qf3 Na4 26. Bd2
Nb2 27. Rf1 Nd3 28. Rbd1 exd4 29. cxd4 Rxd4 30. Qg4 Ne5 31. Qc8 Rdxd2 32.
Qxf8+ Kh7 33. h4 Qf7 34. Qc5 Qd7 35. Rxd2 Rxd2 36. h5 gxh5 37. Nxh5 Qd6 38.
Qe3 Rd3 39. Qf4 Ng6 40. Qg4 Qd7 41. Qe2 Rd2 42. Qe3 Qd3 43. Qxd3 Rxd3 44.
Rb1 Rd4 45. f3 Rd2 46. Rb3 Kh6 47. g4 Ne5 48. Nf4 b5 49. Kf1 g5 50. Ne6 Kg6
51. Nxc7 Kf7 52. Na6 Ke6 53. Nc5+ Kd6 54. Nb7+ Kc7 55. Nc5 Ra2 56. Ke1 Kd6
57. Nb7+ Ke6 58. Nc5+ Ke7 59. Kf1 Nc4 60. Rd3 Rb2 61. Rd7+ Ke8 62. Rc7 Ne5
63. Rc8+ Ke7 64. Rc7+ Kd8 65. Ne6+ Ke8 66. Ng7+ Kd8 67. Ne6+ Ke8 68. Ng7+
Kf8 69. Ne6+ Kg8 70. Nd4 Rd2 71. Nxc6 Nxf3 72. Ne7+ Kf8 73. Nd5 Nh2+ 74.
Ke1 Nf3+ 75. Kf1 Nh2+ 76. Ke1 Nf3+ 1/2-1/2

[Event "FIDE World Cup 2021"]
[Site "Krasnaya Polyana (Sochi) RUS"]
[Date "2021.07.16"]
[EventDate "2021.07.12"]
[Round "2.2"]
[Result "1/2-1/2"]
[White "Anton Korobov"]
[Black "Henriquez Villagra, Cristobal"]
[WhiteElo "2683"]
[BlackElo "2606"]
[PlyCount "84"]

1. d4 d5 2. c4 e6 3. Nc3 Nf6 4. Nf3 dxc4 5. e3 a6 6. a4 b6 7. Bxc4 Bb7 8.
O-O Nbd7 9. Qe2 c5 10. Rd1 Qc7 11. d5 Nxd5 12. Bxd5 exd5 13. Nxd5 Bxd5 14.
Rxd5 Be7 15. b3 Nf6 16. Rd1 O-O 17. Bb2 Qb7 18. Ne5 Rac8 19. Qf3 Qxf3 20.
gxf3 Rfd8 21. Nc4 Rxd1+ 22. Rxd1 b5 23. axb5 axb5 24. Ne5 Ne8 25. Rc1 Bd6
26. f4 Nf6 27. Rd1 Ne8 28. Rc1 Bxe5 29. fxe5 g6 30. Bd4 c4 31. bxc4 bxc4
32. Kg2 Ng7 33. f4 Ne6 34. Kf3 Kg7 35. Ke4 Kh6 36. Kd5 Rd8+ 37. Ke4 Rc8 38.
Kd5 Kh5 39. Rxc4 Rxc4 40. Kxc4 Kg4 41. Kd5 g5 42. Ke4 1/2-1/2

[Event "FIDE World Cup 2021"]
[Site "Krasnaya Polyana (Sochi) RUS"]
[Date "2021.07.16"]
[EventDate "2021.07.12"]
[Round "2.2"]
[Result "0-1"]
[White "Aleksandar Indjic"]
[Black "AR Saleh Salem"]
[WhiteElo "2607"]
[BlackElo "2682"]
[PlyCount "88"]

1. d4 Nf6 2. Nf3 c5 3. d5 b5 4. Bg5 g6 5. a4 b4 6. Nbd2 Bg7 7. e4 O-O 8.
Bd3 d6 9. Nc4 h6 10. Bh4 Nbd7 11. Nfd2 Nb6 12. O-O e6 13. dxe6 Bxe6 14. Re1
Qc7 15. Bg3 Ne8 16. Qc1 Rd8 17. c3 bxc3 18. bxc3 Nf6 19. a5 Nxc4 20. Bxc4
Nh5 21. Qc2 Nxg3 22. hxg3 Rfe8 23. Qd3 Rb8 24. Re3 Rbd8 25. a6 Bc8 26. Rb1
Kh7 27. Rf3 Re7 28. Nf1 Rf8 29. Ne3 Ree8 30. Nd5 Qd8 31. Rb8 Qg5 32. Ne3 f5
33. Qxd6 Be5 34. Qxf8 Rxf8 35. Ra8 Qe7 36. Nd5 Qg7 37. exf5 gxf5 38. Re3
Bd6 39. Ne7 Bxa6 40. Bg8+ Qxg8 41. Nxg8 Rxa8 42. Nf6+ Kh8 43. Re6 Rd8 44.
Ne8 Bf8 0-1

[Event "FIDE World Cup 2021"]
[Site "Krasnaya Polyana (Sochi) RUS"]
[Date "2021.07.16"]
[EventDate "2021.07.12"]
[Round "2.2"]
[Result "0-1"]
[White "Gabriel Sargissian"]
[Black "R Praggnanandhaa"]
[WhiteElo "2682"]
[BlackElo "2608"]
[PlyCount "84"]

1. d4 d5 2. c4 dxc4 3. e3 Nf6 4. Bxc4 e6 5. Nf3 c5 6. O-O Nc6 7. Nc3 a6 8.
a3 b5 9. Ba2 Bb7 10. d5 exd5 11. Nxd5 Nxd5 12. Bxd5 Bd6 13. e4 O-O 14. b4
c4 15. Bb2 Qc7 16. Qc2 Be7 17. Rad1 Rad8 18. h3 Rfe8 19. Nh2 Nb8 20. Ng4
Nd7 21. Qc3 Nf6 22. Rfe1 h5 23. Nh6+ gxh6 24. Re3 h4 25. Rf3 Rd6 26. g4 Bd8
27. Kg2 Qe7 28. Rf4 Bxd5 29. Rxd5 Rxd5 30. exd5 Qd6 31. Qf3 Qxd5 32. Bxf6
Qxf3+ 33. Kxf3 Bxf6 34. Rxf6 Re6 35. Rf5 Rd6 36. Ke2 Kg7 37. a4 bxa4 38.
Ra5 Rd3 39. Rxa4 Rxh3 40. Rxa6 Rb3 41. Rc6 h3 42. Rxc4 Rb1 0-1

[Event "FIDE World Cup 2021"]
[Site "Krasnaya Polyana (Sochi) RUS"]
[Date "2021.07.16"]
[EventDate "2021.07.12"]
[Round "2.2"]
[Result "1-0"]
[White "Kacper Piorun"]
[Black "Markus Ragger"]
[WhiteElo "2608"]
[BlackElo "2680"]
[PlyCount "58"]

1. d4 Nf6 2. c4 g6 3. Nc3 d5 4. Nf3 Bg7 5. cxd5 Nxd5 6. e4 Nxc3 7. bxc3 c5
8. Bb5+ Nc6 9. O-O O-O 10. Be3 Bg4 11. Bxc6 bxc6 12. Rc1 Qa5 13. Qc2 Be6
14. c4 cxd4 15. Nxd4 Bxd4 16. Bxd4 Rfd8 17. Be3 Rab8 18. h3 Qa6 19. Bc5 Rb7
20. Rfd1 Rxd1+ 21. Qxd1 Qa5 22. Qd4 Rd7 23. Qe5 Qc7 24. Qg5 Qb7 25. Be3 Qb2
26. Qc5 Qxa2 27. Qxc6 a5 28. Bh6 Rd8 29. Qc7 1-0

[Event "FIDE World Cup 2021"]
[Site "Krasnaya Polyana (Sochi) RUS"]
[Date "2021.07.16"]
[EventDate "2021.07.12"]
[Round "2.2"]
[Result "0-1"]
[White "Etienne Bacrot"]
[Black "Ravi Haria"]
[WhiteElo "2678"]
[BlackElo "2440"]
[PlyCount "88"]

1. e4 e6 2. d4 d5 3. exd5 exd5 4. Nf3 Bd6 5. Bd3 Ne7 6. O-O Nbc6 7. Nc3 Bg4
8. Nb5 f6 9. c3 Qd7 10. b4 O-O 11. Nxd6 Qxd6 12. a4 Rfe8 13. Ba3 Qd7 14. h3
Bf5 15. Re1 Bxd3 16. Qxd3 Ng6 17. b5 Na5 18. Nd2 Nf4 19. Qf3 g5 20. Bb4 Nc4
21. Nxc4 dxc4 22. Qxb7 Qd5 23. Qxd5+ Nxd5 24. Kf1 Kf7 25. Rxe8 Rxe8 26. Re1
Rd8 27. Rb1 Re8 28. g3 h5 29. Re1 Rd8 30. Re4 c6 31. bxc6 Rc8 32. h4 g4 33.
Re2 Rxc6 34. a5 a6 35. Rb2 Rc7 36. Bd6 Rd7 37. Bc5 Nxc3 38. Rc2 Ne4 39. Ke2
c3 40. Ke3 f5 41. Rc1 Rb7 42. Bb6 Ke6 43. Kd3 Kd5 44. Kc2 f4 0-1

[Event "FIDE World Cup 2021"]
[Site "Krasnaya Polyana (Sochi) RUS"]
[Date "2021.07.16"]
[EventDate "2021.07.12"]
[Round "2.2"]
[Result "1/2-1/2"]
[White "Arik Braun"]
[Black "Boris Gelfand"]
[WhiteElo "2609"]
[BlackElo "2675"]
[PlyCount "68"]

1. d4 Nf6 2. c4 e6 3. Nc3 Bb4 4. Qc2 O-O 5. e4 d5 6. e5 Ne4 7. Bd3 c5 8.
Nf3 cxd4 9. Nxd4 Nd7 10. Bf4 Qh4 11. g3 Qh5 12. cxd5 exd5 13. f3 Bxc3+ 14.
bxc3 Nec5 15. g4 Nxd3+ 16. Qxd3 Nc5 17. Qb5 Qh4+ 18. Bg3 Qe7 19. O-O b6 20.
Rfe1 Bd7 21. Qb4 h5 22. h3 Rae8 23. Rad1 Qg5 24. Nb3 hxg4 25. hxg4 f5 26.
Nxc5 bxc5 27. Qxc5 fxg4 28. f4 Qf5 29. Qxa7 Ra8 30. Qf2 Ra3 31. Qe3 Be6 32.
Re2 Rfa8 33. Rdd2 Rxa2 34. Rxa2 1/2-1/2

[Event "FIDE World Cup 2021"]
[Site "Krasnaya Polyana (Sochi) RUS"]
[Date "2021.07.16"]
[EventDate "2021.07.12"]
[Round "2.2"]
[Result "1/2-1/2"]
[White "Ferenc Berkes"]
[Black "M Amin Tabatabaei"]
[WhiteElo "2673"]
[BlackElo "2613"]
[PlyCount "76"]

1. d4 d5 2. Bf4 c5 3. e3 cxd4 4. exd4 Nc6 5. c3 Bf5 6. Bd3 Bxd3 7. Qxd3 e6
8. Nd2 Nf6 9. Ngf3 Nh5 10. Be3 Bd6 11. O-O Nf4 12. Bxf4 Bxf4 13. Rfe1 O-O
14. Nb3 g6 15. g3 Bh6 16. a4 a5 17. Kg2 Ne7 18. h4 Nf5 19. Re2 Nd6 20. h5
g5 21. Ne5 Bg7 22. Nd2 Re8 23. h6 Bf8 24. Qf3 f6 25. Nd3 f5 26. Rxe6 Rxe6
27. Qxd5 Qf6 28. Nc5 Re8 29. Re1 Ne4 30. Ndxe4 fxe4 31. Nxe6 Qxe6 32. Qxg5+
Kh8 33. Qxa5 Qg4 34. Qb5 Re6 35. Qe2 Qf5 36. Rh1 Bxh6 37. Rh5 Qf7 38. d5
1/2-1/2

[Event "FIDE World Cup 2021"]
[Site "Krasnaya Polyana (Sochi) RUS"]
[Date "2021.07.16"]
[EventDate "2021.07.12"]
[Round "2.2"]
[Result "1/2-1/2"]
[White "Pouya Idani"]
[Black "Anton Guijarro, David"]
[WhiteElo "2614"]
[BlackElo "2673"]
[PlyCount "58"]

1. e4 c6 2. d4 d5 3. e5 Bf5 4. h4 Qb6 5. g4 Bd7 6. Nc3 h5 7. gxh5 e6 8. Na4
Qc7 9. Nf3 Rxh5 10. c3 b6 11. Bd3 c5 12. Ng5 Rh8 13. Nxf7 Kxf7 14. Qf3+ Nf6
15. exf6 gxf6 16. Bf4 Qd8 17. O-O-O Bxa4 18. Rde1 Bd7 19. Rhg1 Bc8 20. Qg4
Nc6 21. Bf5 Qd7 22. Qg6+ Ke7 23. Bg5 fxg5 24. Qxg5+ Kd6 25. Qf4+ Ke7 26.
Qg5+ Kd6 27. Qf4+ Ke7 28. Qg5+ Kd6 29. Qf4+ 1/2-1/2